Normal view
MARC view
- الاجتهاد- الاسلام
Entry Topical Term
001 - CONTROL NUMBER
- control field: 47133
003 - CONTROL NUMBER IDENTIFIER
- control field: JO-AjAnu
005 - DATE AND TIME OF LATEST TRANSACTION
- control field: 20230606081802.0
008 - FIXED-LENGTH DATA ELEMENTS
- fixed length control field: 230606|| aca||aabn | a|a d
040 ## - CATALOGING SOURCE
- Original cataloging agency: JO-AjAnu
- Transcribing agency: JO-AjAnu
150 ## - HEADING--TOPICAL TERM
- Topical term or geographic name entry element: الاجتهاد- الاسلام
670 ## - SOURCE DATA FOUND
- Source citation: Work cat.: (JO-AjAnu)24121: المجمع الملكي لبحوث الحضارة الإسلامية (مؤسسة آل البيت), author 47132, الإجتهاد في الإسلام : بحوث الندوة التي عقدت في مسقط عاصمة سلطنة عمان 23-25 شعبان 1419هـ 12-14 ديسمبر 1998م